00763nam a2200241Ia 450000500170000000800410001704000190005804100120007708200150008910000170010424500540012125000170017526000340019230000310022650400190025765000190027665100750029570000170037085000100038794200070039799900160040495201010042020230713102555.0131103s9999 xx 000 0 und d aLoreto College aEnglish a631.4bARA aArakeri, H.R aSoil management in IndiacH.R.Arakeri ...[et al.] a2nd rev. ed. aBombaybAsia Publishingc1962 axxiii, 609 p.b ill., fig. aReprinted 1967 aAgriculture -  aSpecific techniques, apparatus, equipment, materials - Soil Science -  aChalam, G.V. aLCLIB cBK c1122d51601 00102ddc4070aMAINbMAINd2013-11-04l0o631.4 ARA 17235pB1756r2013-11-04w2013-11-04yBKf